000 00701cam a2200241 4500
001 M1432
008 090401t1993 xxu||||| |||| 00| 0 eng d
035 _a(Sirsi) u31944
041 _aeng
050 _a333.0062
090 _aRICS 1993/49A
100 _aJonas, Christopher
245 _aProperty in the overall economy, St Ermin`s Hotel, London, Tuesday 11 May 1993: keynote address.
260 _aLondon
_bRICS Conferences
_c1993
300 _a8 leaves ; 30cm.
350 _a0
650 _aPROPERTY IN THE OVERALL ECONOMY
650 _aSPEECHES
690 _aPROPERTY LAW AND PRACTICE
710 _aRoyal Institution of Chartered Surveyors
_94900
942 _n0
948 _c04/03/1997
999 _c89650
_d89650